000 00573nam a22002297a 4500
005 20250219140539.0
008 220328b1996 xxu||||| |||| 00| 0 spa d
020 _a9977916551
041 _aESP
082 _aR 467.972.86 A31d
100 _aAgüero Chaves, Arturo
245 _aDiccionario de costarriqueñismos
260 _aCosta Rica
260 _bAsamblea Legislativa
260 _c1996
300 _a360 páginas
650 _aDICCIONARIOS
650 _aLENGUAJE COLOQUIAL
650 _aCOSTARRIQUEÑISMOS
650 _aESPAÑOL
942 _cREF
_2ddc
999 _c13294
_d13294